Normal view
MARC view
- عبد الهادي، جمال الدين يوسف؛ تحقيق مشعل، أبو عبيدالله فراس بن خليل
Entry Personal Name
001 - CONTROL NUMBER
- control field: 49532
003 - CONTROL NUMBER IDENTIFIER
- control field: JO-AjAnu
005 - DATE AND TIME OF LATEST TRANSACTION
- control field: 20230606082148.0
008 - FIXED-LENGTH DATA ELEMENTS
- fixed length control field: 230606|| aca||aabn | a|a d
040 ## - CATALOGING SOURCE
- Original cataloging agency: JO-AjAnu
- Transcribing agency: JO-AjAnu
100 ## - HEADING--PERSONAL NAME
- Personal name: عبد الهادي، جمال الدين يوسف؛ تحقيق مشعل، أبو عبيدالله فراس بن خليل
670 ## - SOURCE DATA FOUND
- Source citation: Work cat.: (JO-AjAnu)25329: عبد الهادي، جمال الدين يوسف؛ تحقيق مشعل، أبو عبيدالله فراس بن خليل, author, الخمسة العمانية-عمان البلفاء